| 000 | 08697nas a22003257a 4500 | ||
|---|---|---|---|
| 003 | NALT | ||
| 005 | 20260204105609.0 | ||
| 006 | a|||p|r|||| 00| 0 | ||
| 007 | ta | ||
| 008 | 260204b th |||p| |||| 00| 0 tha d | ||
| 022 | _a01250957 | ||
| 040 | _aNALT | ||
| 041 | _atha | ||
| 245 | 0 | 0 | _aรัฐสภาสาร ปีที่ 44 ฉบับที่ 7-12 (กรกฎาคม-ธันวาคม 2539). |
| 260 | _aกองการพิมพ์ สำนักงานเลขาธิการสภาผู้แทนราษฎร. | ||
| 310 | _aรายเดือน. | ||
| 500 | _aวารสารเย็บเล่ม. | ||
| 505 | 2 | _aปีที่ 44 ฉบับที่ 7 ก.ค. 2539 -- องค์กรกลางกับการเลือกตั้ง : ปัญหาและอุปสรรคในการปฏิบัติหน้าที่ -- ปัญหาความบริสุทธิ์ และยุติธรรมในการเลือกตั้งไทย -- สภาพการต่อสู้ทางการเมือง นำมาซึ่งการตั้งองค์กรกลาง -- องค์กรกลางในฐานะเป็นนวัตกรรมใหม่ในสังคมไทย -- ปัญหาที่องค์กรกลางประสบในการดูแลการเลือกตั้งให้บริสุทธิ์ยุติธรรม -- สื่อมวลชนในฐานะที่มีอิทธิพล ต่อการทำงานขององค์กรกลาง -- คณะกรรมาธิการควบคุมการเลือกตั้ง กรณีประเทศฟิลิปปินส์ (ตอนที่ 1) -- ทฤษฎีการโวยวายและการพัฒนาประชาธิปไตย : แนวคิดจากเศรษฐศาสตร์ -- การโวยวาย -- ประชาธิปไตยกับการโวยวาย. | |
| 505 | 2 | _aปีที่ 44 ฉบับที่ 8 ส.ค. 2539 -- โครงการสามเหลี่ยมเศรษฐกิจ -- โครงการพัฒนาเขตเศรษฐกิจสามฝ่ายอินโดนีเซีย-มาเลเซีย-ไทย -- ความก้าวหน้าของการดำเนินงานโครงการหกเหลี่ยม เศรษฐกิจและสามเหลี่ยมเศรษฐกิจ -- โครงการสามเหลี่ยมเศรษฐกิจภาคใต้ -- นโยบายประชากรกับการพัฒนาเศรษฐกิจและสังคมของประเทศ : ประสบการณ์ที่เรียนรู้ในช่วง 25 ปี. | |
| 505 | 2 | _aปีที่ 44 ฉบับที่ 9 ก.ย. 2539 -- กฎหมาย : ความหมาย องค์ประกอบ การจัดทำ และศักดิ์ของกฎหมาย -- การจัดทำกฎหมายที่ไม่เป็นลายลักษณ์อักษร -- การจัดทำกฎหมายที่เป็น ลายลักษณ์อักษร -- สิทธิ์เรียกค่าทดแทนจากการถูกคุมขังในกระบวนยุติธรรมทางอาญา (ข้อเสนอแก้ไขเพิ่มเติมรัฐธรรมนูญ มาตรา 34) -- สิทธิของประชาชน -- เสรีภาพของ ประชาชน -- รัฐกับหลักนิติธรรม -- รัฐสภาในฝัน. | |
| 505 | 2 | _aปีที่ 44 ฉบับที่ 10 ต.ค. 2539 -- การแก้ไขรัฐธรรมนูญ มาตรา 211 และการปฏิรูปการเมือง -- การแก้ไขเพิ่มเติมรัฐธรรมนูญเพื่อการปฏิรูปการเมือง -- กระบวนการในการจัดทำ รัฐธรรมนูญฉบับใหม่ -- ที่มาของสมาชิกสภาร่างรัฐธรรมนูญ -- กระบวนการจัดทำร่างรัฐธรรมนูญ -- รัฐธรรมนูญฉบับ "ล้นเกล้า" ในความฝันอันสูงสุดแห่งราชอาณาจักรไทย ไท-ศยาม -- การชี้แจงนโยบายของรัฐบาลในการดำเนินงานพัฒนากฎหมาย โดยรัฐมนตรีประจำสำนักนายกรัฐมนตรี (นายโภคิน พลกุล) ต่อคณะกรรมาธิการวิสามัญศึกษา ความพร้อมในการใช้บังคับกฎหมาย วุฒิสภา เมื่อวันที่ 8 สิงหาคม 2539 ณ ห้องรับรอง 1 ชั้น 3 อาคารรัฐสภา 3. | |
| 505 | 2 | _aปีที่ 44 ฉบับที่ 11 พ.ย. 2539 -- การปฏิรูปครบวงจร จุดตระหนักนายกฯ คนที่ 22 -- การปฏิรูป -- การพัฒนาประเทศ -- ปกิณกะการเมือง -- นักการเมือง -- ภาษานักการเมือง -- ประชาธิปไตย (Democracy) -- ประชาธิปไตยแบบรัฐสภา -- ประชาธิปไตยแบบประธานาธิบดี -- ความรู้เกี่ยวกับประชาธิปไตย -- เสรีภาพ -- เสมอภาพ -- ภราดรภาพ -- สามัญสำนึกประชาธิปไตย -- พุทธศาสนากับการส่งเสริมการปกครองระบอบประชาธิปไตย -- ปฏิรูปการศึกษาเพื่อประชาธิปไตย -- การเรียนรู้กับการพัฒนาประชาธิปไตย ในระบบการศึกษา. | |
| 505 | 2 | _aปีที่ 44 ฉบับที่ 12 ธ.ค. 2539 -- ข้อคิดเห็นเกี่ยวกับการปรับปรุงระบบบริหารงานบุคคลของหน่วยการปกครองท้องถิ่น และการยุบรวมคณะกรรมการข้าราชการส่วนท้องถิ่น ในประเทศไทย -- ระบบกระจายอำนาจให้แก่หน่วยการปกครองท้องถิ่น -- ระบบรวมศูนย์การบริหารงานบุคคลของท้องถิ่น -- ระบบรวมข้าราชการของรัฐกับพนักงาน ท้องถิ่นเข้าด้วยกัน -- การปฏิรูปการปกครองส่วนภูมิภาคและส่วนท้องถิ่น -- การปฏิรูปทางการเมือง -- การปฏิรูปทางการปกครอง -- การปฏิรูปการปกครองสมัยรัชกาลที่ 5 : จุดเริ่มของการรวมศูนย์อำนาจและการขยายอำนาจรัฐ -- การบริหารเมืองหลวง และการบริหารท้องถิ่นเปรียบเทียบ : อังกฤษ สหรัฐอเมริกา ฝรั่งเศส ญี่ปุ่นและไทย (ตอนที่ 1). | |
| 650 | 0 |
_aรัฐสภา _zไทย _957374 |
|
| 850 | _aNALT | ||
| 866 | _aปีที่ 44 ฉบับที่ 7-12 (กรกฎาคม-ธันวาคม 2539). | ||
| 942 | _cBOUND | ||
| 996 |
_aaroonthip.c _bLIBSTF _c2026-02-04 |
||
| 999 |
_c107727 _d107727 |
||
| 998 |
_h179 _j179 _k นางสาวอรุณทิพย์ จันทร์ดิษฐ์ |
||